| 000 | 00842nam a2200205Ii 4500 | ||
|---|---|---|---|
| 003 | JO-AjNU | ||
| 008 | 230605s9999||||xx |||||||||||||| ||und|| | ||
| 040 |
_aJO-AjNU _bara _erda _cJO-AjNU |
||
| 041 | _aara | ||
| 050 | 1 | 4 | _aBP76.I27.1994 |
| 100 | 3 |
_aتاليف: الجزري، عز الدين بن الاثير ابي الحسن علي بن محمد, _eauthor _959034 |
|
| 245 | 0 | 0 | _aأسد الغابة في معرفة الصحابة، مج 5 الكنى |
| 250 | _aطبعة مجددة | ||
| 264 | 3 | 1 | _aبيروت: دار الفكر للطباعة والنشر والتوزيع، 1994 |
| 300 |
_aمج5: 471ص _bيحتوي على فهرس من ص 455-471 |
||
| 336 |
_atext _btxt _2rdacontent |
||
| 337 |
_aunmediated _bn _2rdamedia |
||
| 338 |
_avolume _bnc _2rdacarrier |
||
| 650 | 4 |
_aالصحابة والتابعون - تراجم _959035 |
|
| 999 |
_aA26545 _c30113 _d30113 |
||